¿Hacia el Acta de paz o hacia la paz? Análisis de coyuntura del 5 de setiembre al 5 de octubre
Պահպանված է:
| Ձևաչափ: | Տեքստ |
|---|---|
| Խորագրեր: | |
| Ցուցիչներ: |
Ավելացրեք ցուցիչ
Չկան պիտակներ, Եղեք առաջինը, ով նշում է այս գրառումը!
|
MARC
| LEADER | 00000 a a2200000 04500 | ||
|---|---|---|---|
| 001 | 6992 | ||
| 003 | |||
| 040 | |||
| 245 | |a ¿Hacia el Acta de paz o hacia la paz? Análisis de coyuntura del 5 de setiembre al 5 de octubre | ||
| 650 | |a PAZ | ||
| 650 | |a GRUPO DE CONTADORA | ||
| 650 | |a AGRESION | ||
| 650 | |a GUERRA | ||
| 650 | |a GUERRA CIVIL | ||
| 773 | |g número 52; páginas 1a-16a, 5 | ||
| 999 | |c 35787 |d 35787 | ||
